Diseño de adoquinado de 2,437 m2 de calles en el barrio Jaime Úbeda en la ciudad de Estelí, Nicaragua
Presenta el diseño de adoquinado de 2,437 m2 de calles en el barrio Jaime Úbeda en la ciudad de Estelí, Nicaragua mediante el estudio de las características físico mecánicas para la elección de los materiales de acuerdo a las especificaciones de construcción y el control de calidad mediante...
| Main Author: | |
|---|---|
| Other Authors: | |
| Format: | Tesis Section = Libro |
| Language: | Undetermined Spanish |
| Published: |
Managua
UNI
2012
|
| Subjects: |
| LEADER | 01358nam a2200253Ia 4500 | ||
|---|---|---|---|
| 008 | 240830s9999 xx 000 0 und d | ||
| 040 | |a BIBLIOTECA-RUPAP T.Mon 625.8 M722 | ||
| 041 | |a spa | ||
| 082 | |a T.Mon 625.8 M722 | ||
| 100 | 1 | |a Molina Melgara, Zuleica | |
| 245 | 1 | 0 | |a Diseño de adoquinado de 2,437 m2 de calles en el barrio Jaime Úbeda en la ciudad de Estelí, Nicaragua |
| 260 | |a Managua |b UNI |c 2012 | ||
| 300 | |a 69 p. :il. | ||
| 500 | |a Contiene: anexos e Incluye: CD. | ||
| 502 | |a Tesis (Ingeniero Civil)- UNI, 2012. | ||
| 520 | 3 | |a Presenta el diseño de adoquinado de 2,437 m2 de calles en el barrio Jaime Úbeda en la ciudad de Estelí, Nicaragua mediante el estudio de las características físico mecánicas para la elección de los materiales de acuerdo a las especificaciones de construcción y el control de calidad mediante el método de diseño ASSHTO – 93, se realizó un estudio de tránsito con el propósito de determinar la capacidad de cargar que debe de soportar el pavimento y la determinación de los espesores de l estructura de pavimento. | |
| 650 | 7 | |a DISEÑO DE ESTRUCTURA DE PAVIMENTO | |
| 650 | 7 | |b ESTUDIO DE SUELO | |
| 650 | 7 | |c ESTUDIO GEOTÉCNICO | |
| 650 | 7 | |g ESTUDIO DE TRÁNSITO | |
| 700 | 1 | |a Tutor: |b Bustamante Arteaga, José Fernando | |
| 942 | |c BK |2 ddc | ||
| 991 | |a TESIS | ||
| 999 | |c 18236 | ||